Responses for Show #9017 - Tuesday, January 16, 2024

2024 Champions Wildcard Group 1 quarterfinal game 1.

Contestants

[<< previous game]

Sharon Stone, an early childhood intervention manager from Round Rock, Texas

Katie Palumbo, a museum membership specialist from Amawalk, New York

Andy Tirrell, a political science and international relations professor from San Diego, California

[next game >>]

Jeopardy! Round responses

WORLD GEOGRAPHY
1980s PRO WRESTLING
A MATTER OF LAW
HATS IN OTHER WORDS
OUR FEATHERED FRIENDS
MAJOR "KEY" ALERT
    $200 12
(Katie: What is the Balkan Sea?)

the Baltic Sea

AndyKatie
    $200 30
WrestleMania

Andy
    $200 29
admissible

Katie
    $200 25
a cowboy hat

Andy
    $200 21
an ostrich

Katie
    $200 23
(Ken: Perhaps its Jeopardy!, yes.)
[Laughter]

a hickey

Katie
    $400 7
the Gobi

Katie
    $400 27
[Ken reads the first sentence in an imitative manner.]

Hulk Hogan

Katie
    $400 28
a motion

Katie
    $400 24
(Andy: Uh, what is soft boiled?)
...
(Ken: Like a hard hat.)

hard boiled

Andy
Triple Stumper
    $400 20
penguin

Andy
    $400 22
the keyholes

Katie
    $600 6
Indonesia

Andy
    $600 13
a cradle

Sharon
    $600 4
(Katie: Uh... licensing code?)
...
(Ken: Not Chapter 11, but in this case Chapter 12.)

the Bankruptcy Code

Katie
Triple Stumper
    $600 9
tops

Triple Stumper
    $600 10
canaries

Katie
    $600 17
(Katie: Well, this is not going my way, let's do A MATTER OF LAW for $1000.)

jockeys

Triple Stumper
    $800 2
Mount Kilimanjaro

Andy
    $800 14
(Ken: [Imitating Randy Savage] Oh, yeah!)
[Laughter]

"Macho Man"

Andy
    $800 3
prejudice

Katie
    $800 5
(Ken: It's a hat and a country, yeah.)

Panama

Andy
    $800 11
a loon

Andy
    $800 15
cold turkey

Katie
    $1000 1
the Nazca Lines

Andy
    $1000 26
Roddy Piper

Andy
    $1000 18
(Katie: What is the Sixth Amendment?)

the Fourth Amendment

Katie
Triple Stumper
    $1000 8
a pill box

Katie
    $1,800 19
(Katie: [*]. What is [*]?)

(the) harpy (eagle)

Katie
    $1000 16
Whiskey

Triple Stumper

Scores at the first commercial break (after clue 15):

Andy Katie Sharon
$5,000 $2,800 $600

Scores at the end of the Jeopardy! Round:

Andy Katie Sharon
$6,400 $5,400 $600

Double Jeopardy! Round responses

20th CENTURY AMERICANS
HALF A CATEGORY
BALLET
TV CLIFFHANGERS
AUTHORS AS BOOK CHARACTERS
RHYME TIME
    $400 30
(Amelia) Earhart

Andy
    $400 29
the Super Bowl Halftime Show

Andy
    $400 27
the Bolshoi

Sharon
    $400 25
Rachel

Sharon
    $400 24
Charles Dickens

Katie
    $400 18
(Sharon: [*].)
...
(Ken: [To Sharon] Don't forget your phrasing.)

a maze craze

KatieSharon
    $800 11
(Malcolm) Forbes

Sharon
    $800 12
(Katie: Who are Chang and Eng?)
(Ken: Can you be more specific?)
(Katie: Chang is the other...)

Siamese Twins

AndyKatie
    $800 17
(Katie: What is Swan Lake?)

Sleeping Beauty

Katie
Triple Stumper
    $800 23
(Ken: Yeah, spoilers.)

Breaking Bad

Andy
    $800 6
the Algonquin

Katie
    $800 20
(Katie: What is an askance glance?)

a chance glance

Katie
Triple Stumper
    $5,000 8
the University of California at Berkeley

Andy
    $1200 13
half slave & half free

Sharon
    $1200 16
fish

Andy
    $1200 1
Lost

Katie
    $1200 3
Chopin

Sharon
    $1200 21
a knight kite

Katie
    $1600 9
Patton

Andy
    $1600 14
a half-track

Triple Stumper
    $1600 15
(Sharon: What is Afternoon of the Faun?)

The Afternoon of a Faun

Sharon
Triple Stumper
    $1600 2
For All Mankind

Andy
    $1,500 4
Virginia Woolf

Sharon
    $1600 7
hammer clamor

Andy
    $2000 10
(Ken: There's a new biopic of [*].)

Bayard Rustin

Triple Stumper
    $2000 28
(Katie: What is a ha'penny?)

half a crown

Katie
Triple Stumper
    $2000 26
(Katie: What is a puppet?)

a doll

KatieSharon
    $2000 19
Riker

Andy
    $2000 5
(Katie: Who is Pablo Neruda?)
...
(Ken: Neruda's Chilean, sadly, this is [*].)

Octavio Paz

Katie
Triple Stumper
    $2000 22
(Katie: What is, um...)

a fake snake

Katie
Triple Stumper

Scores at the end of the Double Jeopardy! Round:

Andy Katie Sharon
$21,800 -$1,000 $6,100
(lock game)

[wagering suggestions for these scores]

Final Jeopardy! Round responses

NEW NATIONS
(Ken: [Reading Sharon's response] What is "I hope he bet it all.")
[Laughter]
(Ken: That's what you're banking on? Points for strategy.)
SharonWhat is I hope he bet it all
$6,000
AndyWhat are the Cook Islands
$1,800
the Cook Islands

Final scores:

Andy Katie Sharon
$23,600 -$1,000 $100
Winner: semifinalist 3rd place: $5,000 2nd place: $5,000

Game dynamics:

Coryat scores:

Andy Katie Sharon
$18,000 -$1,800 $6,200
21 R
(including 1 DD),
1 W
17 R
(including 1 DD),
10 W
8 R
(including 1 DD),
2 W

Combined Coryat: $22,400

[game clues] [game scores] [suggest correction]

Game tape date: 2024-01-03
The J! Archive is created by fans, for fans. Scraping, republication, monetization, and malicious use prohibited; this site may use cookies and collect identifying information. See terms. The Jeopardy! game show and all elements thereof, including but not limited to copyright and trademark thereto, are the property of Jeopardy Productions, Inc. and are protected under law. This website is not affiliated with, sponsored by, or operated by Jeopardy Productions, Inc. Join the discussion at JBoard.tv.